书目信息 |
| 书名: | Carmen Marti?n Gaite | |
| 作者: | edicio?n coordinada por Emma Martinell Gifre. | |
| 分册号: | ||
| 分册名: | 出版地: | Madrid : |
|
| 出版社: | Instituto de Cooperacio?n Iberoamericana, Ediciones de Cultura Hispa?nica | |
| 出版时间: | 1993. | |
| 页数: | 111 p. ; | |
| 开本: | 24 cm. | |
| 丛书名: | ||
| 中图分类号: | ||
| 科图分类号: | ||
| 其他分类号: | H34 | |
| 主题词: | ||
| 电子资源: | ||
| 000 | 01412cam a22003134a 45 | |
| 001 | E0752107647 | |
| 005 | 20070421143909.21 | |
| 008 | 941004s1993 sp b 100 0 spa d | |
| 010 | @a2001354562 | |
| 020 | @a8472326608. | |
| 035 | @a(OCoLC)ocm33015476 | |
| 040 | @aNUI@cNUI@dKUK@dIQU@dEL$@dOCL@dDLC | |
| 042 | @alccopycat | |
| 050 | 00 | @aPQ6623.A7657@bZ92 1990 |
| 090 | @aH34 | |
| 099 | @dH34@ex5 | |
| 111 | 2 | @aSemana de Autor@d(1990 :@cInstituto de Cooperacio?n Iberoamericana de Buenos Aires) |
| 245 | 10 | @aCarmen Marti?n Gaite / @cedicio?n coordinada por Emma Martinell Gifre. |
| 260 | @aMadrid :@bInstituto de Cooperacio?n Iberoamericana, Ediciones de Cultura Hispa?nica,@c1993. | |
| 300 | @a111 p. ;@c24 cm. | |
| 500 | @a"La Semana de Autor sobre Carmen Marti?n Gaite tuvo lugar en el Centro Cultural del Instituto de Cooperacio?n Iberoamericana de Buenos Aires, del 16 al 18 de octubre de 1990." | |
| 504 | @aIncludes bibliographical references (p. [93]-105). | |
| 600 | 10 | @aMarti?n Gaite, Carmen@xCriticism and interpretation@vCongresses. |
| 700 | 1 | @aMartinell Gifre, Emma. |
| 710 | 2 | @aInstituto de Cooperacio?n Iberoamericana de Buenos Aires. |
| 906 | @a7@bcbc@ccopycat@d3@encip@f20@gy-gencatlg | |
| 923 | @a2001@d20010326@n*@s93001302 | |
| 925 | 0 | @aacquire@b1 shelf copy@xpolicy default |
| 955 | @aoc01 3-26-01 to HLCD@ilc09 2007-04-10 (telework)@elc03 2007-04-13 to BCCD | |
| Carmen Marti?n Gaite / / edicio?n coordinada por Emma Martinell Gifre.-Madrid : : Instituto de Cooperacio?n Iberoamericana, Ediciones de Cultura Hispa?nica, , 1993. |
| 111 p. ; ; 24 cm. |
| "La Semana de Autor sobre Carmen Marti?n Gaite tuvo lugar en el Centro Cultural del Instituto de Cooperacio?n Iberoamericana de Buenos Aires, del 16 al 18 de octubre de 1990." .-Includes bibliographical references (p. [93]-105). |
| ISBN 8472326608. |
| ● |
| 相关链接 |
|
|
|
|
正题名:Carmen Marti?n Gaite
索取号:H34/x5
 
预约/预借
| 序号 | 登录号 | 条形码 | 馆藏地/架位号 | 状态 | 备注 |
| 1 | 004385 | 300043851 | 第二样本阅览室/ [索取号:H34/x5] | 在馆 |